| 000 | 00488cam a2200157ua 4500 | ||
|---|---|---|---|
| 041 |
_aeng _h |
||
| 082 |
_a028.75011 _bDES/AN |
||
| 100 | _aDeshpande, S.D . | ||
| 245 |
_aAnnotated bibliography on improvisation of animal drawn vehicle transport in India and abroad / _cS.D.Deshpande. _hTextual Documents |
||
| 260 |
_aBhopal : _bCentral Institute of Agricultural Engineering , _c1983. |
||
| 300 | _a154 ; . | ||
| 504 | _a | ||
| 700 | 1 | _aOjha, T.P. | |
| 942 | _cBK | ||
| 999 |
_c8871 _d8871 |
||